A Christian's guide to family finances / (Record no. 6895)
[ view plain ]
| 000 -LEADER | |
|---|---|
| fixed length control field | 00764nam a2200253 a 4500 |
| 001 - CONTROL NUMBER | |
| control field | 10268184 |
| 003 - CONTROL NUMBER IDENTIFIER | |
| control field | OCoLC |
| 005 - DATE AND TIME OF LATEST TRANSACTION | |
| control field | 20190121152929.0 |
| 008 - FIXED-LENGTH DATA ELEMENTS--GENERAL INFORMATION | |
| fixed length control field | 830309s1983 iluk 000 0 eng |
| 010 ## - LIBRARY OF CONGRESS CONTROL NUMBER | |
| LC control number | 83060816 |
| 020 ## - INTERNATIONAL STANDARD BOOK NUMBER | |
| International Standard Book Number | 0882072986 (pbk.) |
| 040 ## - CATALOGING SOURCE | |
| Original cataloging agency | DLC |
| Transcribing agency | DLC |
| Modifying agency | MAL |
| 050 0# - LIBRARY OF CONGRESS CALL NUMBER | |
| Classification number | HG179 |
| Item number | .J54 1983 |
| 082 0# - DEWEY DECIMAL CLASSIFICATION NUMBER | |
| Classification number | 640.42 |
| Edition number | 19 |
| Item number | J66C |
| 092 ## - LOCALLY ASSIGNED DEWEY CALL NUMBER (OCLC) | |
| Classification number | 640.42 |
| Item number | J63c |
| 100 1# - MAIN ENTRY--PERSONAL NAME | |
| Personal name | Johnson, Albert J. |
| 245 12 - TITLE STATEMENT | |
| Title | A Christian's guide to family finances / |
| Statement of responsibility, etc. | Albert J. Johnson. |
| 260 ## - PUBLICATION, DISTRIBUTION, ETC. | |
| Place of publication, distribution, etc. | Wheaton, Ill. : |
| Name of publisher, distributor, etc. | Victor Books, |
| Date of publication, distribution, etc. | c1983. |
| 300 ## - PHYSICAL DESCRIPTION | |
| Extent | 210 p. : |
| Other physical details | forms ; |
| Dimensions | 21 cm. |
| 500 ## - GENERAL NOTE | |
| General note | "A Victor adult elective/13 sessions"--P. [4] of cover. |
| 650 #0 - SUBJECT ADDED ENTRY--TOPICAL TERM | |
| Topical term or geographic name entry element | Finance, Personal |
| General subdivision | Religious aspects |
| -- | Christianity. |
| 740 01 - ADDED ENTRY--UNCONTROLLED RELATED/ANALYTICAL TITLE | |
| Uncontrolled related/analytical title | Family finances. |
| 942 ## - ADDED ENTRY ELEMENTS (KOHA) | |
| Source of classification or shelving scheme | Dewey Decimal Classification |
| Koha item type | Books |
| Withdrawn status | Lost status | Source of classification or shelving scheme | Damaged status | Not for loan | Collection code | Home library | Current library | Shelving location | Date acquired | Cost, normal purchase price | Total Checkouts | Full call number | Barcode | Date last seen | Price effective from | Koha item type |
|---|---|---|---|---|---|---|---|---|---|---|---|---|---|---|---|---|
| Dewey Decimal Classification | Non-fiction | Harvest Mission College | Harvest Mission College | General Stacks | 21.01.2019 | 950.00 | 640.42 J66C | 007731 | 21.01.2019 | 21.01.2019 | Books |
